000 00336 a2200109 4500
001 ART_9617
005 20260410161837.0
008 260409a
245 1 0 _aEnfoque sistémico de la contabilidad
100 1 _aHerrscher, Enrique G.
773 0 _tContabilidad y administración
_g- Año 5, Nº 54 (dic. 1981)
_wREV5485
999 _c23737
_d23737